Lecciones de Paulo Freire. Cruzando fronteras: experiencias que se completan /

Salvato in:
Dettagli Bibliografici
Autore principale: Gadotti, Moacir
Altri autori: comp Gómez, Margarita Victoria comp Freire, Lutgardes comp
Natura: testo
Pubblicazione: Buenos Aires: CLACSO
Soggetti:
Tags: Aggiungi Tag
Nessun Tag, puoi essere il primo ad aggiungerne!!

MARC

LEADER 00000 a a2200000 04500
001 29546
003
040 |a CRAI/IIS  |c CRAI/IIS 
090 |a 192503  
100 |a Gadotti, Moacir  
245 |a Lecciones de Paulo Freire. Cruzando fronteras: experiencias que se completan /  |c Moacir Gadotti 
260 |a Buenos Aires:   |b CLACSO  
300 |a 351 p.  
650 |a INVESTIGACION INTERDISCIPLINARIA  
650 |a CIENCIAS SOCIALES  
650 |a UNIVERSIDADES  
650 |a INVESTIGACION  
700 |a comp   |a Gómez, Margarita Victoria   |a comp   |a Freire, Lutgardes   |a comp  
999 |c 17122  |d 17122